000 00823nam a2200253 i 4500
001 77535
003 ES-MaACL
005 20250814045118.0
007 t|
008 041020s2004 sp ||||1| spa d
020 _a84-8432-540-7
080 _a530.145
100 1 _aAczel, Amir D.
_918346
245 1 0 _aEntrelazamiento
_b: el mayor misterio de la física /
_cAmir D. Aczel ; traducción castellana de José Luis Sánchez Gómez.
260 _aBarcelona :
_bCrítica,
_c[2004]
300 _a270 p., [8] p. de lám. :
_bil. graf. ;
_c24 cm.
490 1 _aDrakontos
504 _aBibliografía: p. [251]-253.
650 1 7 _aMecánica cuántica
_2embne
_914872
700 1 _aSánchez Gómez, José Luis.
_9102677
830 0 _aDrakontos
_9179166
852 _aES-MaACL
_jL-28298
_bR.134292
999 _c77535
_d77535